Регионална библиотека "Любен Каравелов" - Русе

Спортна стрелба (Запис номер 123765)

MARC детайли
000 -Лидер
Контролно поле с фиксирана дължина 01522nam a2200325 c 4500
003 - Код на организацията, давaща контролен номер
Контролно поле BLK
005 - Дата и час на последна редакция
Контролно поле 20190111163530.0
008 - Елементи от данни с фиксирана дължина
fixed length control field 180409b bul|||||r ||||||| ||bul||
010 ## - Наследен системен номер
LC control number KNG00129428000
040 ## - Източник на каталожния запис
Идентификатор на билиотеката - собственик на записа BLK
041 ## - Код за език
Код за езика на текст/звукозапис или на отделно заглавие Български
Код за езика КДБФ Български
080 ## - УДК
Текстов определител УДК Спортна стрелба. Стрелба по мишени
УДК код - определител по УДК 799.3
УДК определител (075.8)
УДК - код + определител 799.3(075.8)
100 1# - Редна дума - Автор
Автор Ачкаканов, Иван Борисов
Авторска отговорност първи автор
R(LIN) 269497
139 ## - Редно поле
Редна дума Ачкаканов, Иван Борисов и др.
Авторски знак Ач - А 97
245 10 - Сведения за заглавието
Заглавие Спортна стрелба
Подзаглавни данни Учебник за студентите от ВИФ Г. Димитров
Редно поле (дума) Иван Борисов Ачкаканов; съавт. Петър Атанасов.
257 ## - Страна на издаване
Страна на създаване/издаване България
260 ## - Област на издателските данни
-- София
Име на издателя, разпространителя и проч. Медицина и физкултура
Година на издаване 1987
Печатница Пловдив : Д. Благоев
300 ## - Физическа характеристика
Страници 132 с.
Илюстрации и др. с черт., табл., диагр., 8 л. ил.
Размери/Мащаб 22 см
380 ## - Жанр
Жанр 793/799 Спорт
500 ## - Общи забележки
Забележка 4 086 тир. - Библиогр. с. 129-130.
650 #4 - Допълнително описание по предмет – тема
Основно описание – тема или топоним Спортна стрелба - учебници за ВУЗ
9 (RLIN) 318417
653 ## - Ключова дума – ненормативна
Ключова дума спортна стрелба
653 ## - Ключова дума – ненормативна
Ключова дума учебници за ВУЗ
700 1# - Други автори (авторска отговорност)
Лично име Атанасов, Петър
Автороска отговорност (Описва отношението между автора и произведението) съавт.
Друга информация Григоров, Петър Атанасов
9 (RLIN) 366385
852 ## - Местоположение
Форматна сигнатура Цб 148145
856 4# - Електронен адрес и достъп
Електронен формат pdf - файл
Път до файла /url/
856 4# - Електронен адрес и достъп
Електронен формат pdf - файл
Път до файла /url/
942 ## - АРТИКУЛИ
Вид на библиотечния материал Книги
Скрит в OPAC Не
Koha issues (borrowed), all copies 1
944 ## - СЪЗДАВАНЕ И РЕДАКЦИЯ на ЗАПИСА
Създаване/Редакция Създаване
Дата на регистрацията/редакция 30.03.2012
Статус, дата на статуса 30.03.2012 - от С1,Р / 30.03.2012
Служител, извършил регистрацията/редакцията Диана_Димитрова
944 ## - СЪЗДАВАНЕ И РЕДАКЦИЯ на ЗАПИСА
Създаване/Редакция Редакция
Дата на регистрацията/редакция 30.03.2012
Статус, дата на статуса 30.03.2012 - от С1,Р / 30.03.2012
Служител, извършил регистрацията/редакцията
999 ## - СИСТЕМНИ КОНТРОЛНИ НОМЕРА
Koha biblionumber 123765
Koha biblioitemnumber 123765
Наличности
Код за отписване Код за изгубен артикул Източник на класификационната схема Код за повреда Коз за рестрикции Код за отдаване Артикулен № Име на библиотеката - собственик Име на библиотеката, в която се намира в момента Статус (Текущо местоположение) Дата на вписване в системата Местоположение - отдел Цена в лева Инвентарен номер Систематично азбучна сигнатура Баркод Номер на екземпляра Цена в евро Служебна бележка Служебен тип на артикула
  Не е изгубен Universal Decimal Classification Не е повреден без рестрикции ползва се в читалня 200507 Регионална библиотека "Любен Каравелов" Русе Регионална библиотека "Любен Каравелов" Русе Хранилище 1987-01-01 Хранилище 1.93 478195 Цб 148145 120000478195 1 0.99 Дост: Dp Вид: Д N: стар фонд Дата: 01.01.1987 Книги
Изтеглен Не е изгубен Universal Decimal Classification Не е повреден без рестрикции заемане за дома 200508 Регионална библиотека "Любен Каравелов" Русе Регионална библиотека "Любен Каравелов" Русе Заемна - подръчен фонд 1987-01-01 Заемна - подръчен фонд 1.93 478507 П 796/799/А 97 478507 2 0.99 Дост: Pk Вид: Ф N: стар фонд Дата: 01.01.1987 Дата инв: 08.02.2018 Бележки инв: П2018 Книги
  Не е изгубен Universal Decimal Classification Не е повреден без рестрикции заемане за дома 200509 Регионална библиотека "Любен Каравелов" Русе Регионална библиотека "Любен Каравелов" Русе Заемна - подръчен фонд 1987-01-01 Заемна - подръчен фонд 1.93 478508 П 796/799/А 97 120000478508 3 0.99 Дост: Pk Вид: Ф N: стар фонд Дата: 01.01.1987 Дата инв: 08.02.2018 Бележки инв: П2018 Книги
Vip Innovations Ltd, Rousse, Bulgaria 2025